000 00754nam a22002651 4500
001 26706
003 BD-RjUL
005 20211209051045.0
008 140323s1966 p b b 001 0 eng
035 _a(BD-RjUL)26776
035 _a(OCoLC)1462689
040 _aDLC
_cFM
_dOCoLC
_dUk
_dDLC
_dBD-RjUL
_beng
041 _aeng
082 _a954
_bSYM 1966
100 1 _aSymonds, Richard,
_d1918-2006.
_918528
245 1 4 _aThe making of Pakistan /
_cRichard Symonds.
250 _a1st. pak. ed.
260 _aKarachi :
_bAllies book cor.,
_c1966.
300 _a227 p. :
_bill., maps. ;
_c23 cm.
504 _aBibliography: p. 217-220. and index.
651 0 _aPakistan
_xHistory.
_982059
942 _2ddc
_cBK
999 _c26706
_d26706